[Event "Santander UDI Cup"]
[Site "Santander"]
[Date "2013.06.02"]
[Round "5"]
[White "Jalabe, Samuel"]
[Black "Villamizar, Andres Fernando"]
[Result "1-0"]
[WhiteElo "1305"]
[BlackElo "1538"]
[PlyCount "25"]
[EventDate "2013.05.31"]
[EventType "swiss"]
[EventRounds "8"]
[EventCountry "COL"]
[SourceTitle "CBM 154 Extra"]
[Source "ChessBase"]
[SourceDate "2013.06.25"]
[SourceVersion "2"]
[SourceVersionDate "2013.06.25"]
[SourceQuality "1"]

1. e4 e5 2. Nf3 Nf6 3. Nxe5 Nxe4 4. Bc4 Nc6 5. Nxf7 Qf6 6. 0-0 Ng5 7. Nxh8 Qe5 8. Re1 Bc5 9. Rxe5+ Nxe5 10. Qh5+ Kd8 11. Qxg5+ Ke8 12. Qxe5+ Kf8 13. Qf5+ 1-0